LEADER 00915nam a22002531i 4500 001 991000649649707536 005 20040119155807.0 008 040220s1975 it |||||||||||||||||ita 035 $ab12649685-39ule_inst 035 $aARCHE-064803$9ExL 040 $aDip.to Scienze pedagogiche$bita$cA.t.i. Arché s.c.r.l. Pandora Sicilia s.r.l. 082 04$a379.15 245 03$aIl distretto scolastico /$c[scritti di] A. Augenti ... [et al.] 260 $aRoma :$bUCIIM,$c1975 300 $a199 p. ;$c21 cm 440 0$aLuce nella professione 650 4$aDistretti scolastici 700 1 $aAugenti, Antonio 907 $a.b12649685$b02-04-14$c17-03-04 912 $a991000649649707536 945 $aLE022 MP 67 L 15$g1$i2022000041591$lle022$o-$pE0.00$q-$rl$s- $t0$u0$v0$w0$x0$y.i13155209$z17-03-04 996 $aDistretto scolastico$9275164 997 $aUNISALENTO 998 $ale022$b17-03-04$cm$da $e-$fita$git $h3$i1 LEADER 01293nam 2200397 450 001 9910792751403321 005 20230329203315.0 010 $a1-4422-4863-7 035 $a(CKB)3710000001086670 035 $a(MiAaPQ)EBC4815367 035 $a(EXLCZ)993710000001086670 100 $a20161220h20172017 uy| 0 101 0 $aeng 135 $aurcnu|||||||| 181 $2rdacontent 182 $2rdamedia 183 $2rdacarrier 200 10$aBeyond marriage $econtinuing battles for LGBT rights /$fSusan Gluck Mezey 210 1$aLanham :$cRowman & Littlefield,$d[2017] 210 4$d©2017 215 $a1 online resource (321 pages) 311 $a1-4422-4864-5 311 $a1-4422-4862-9 320 $aIncludes bibliographical references and index. 327 $aEmployment opportunity -- Transgender rights -- Marriage equality -- Continuing struggles -- Global perspectives -- Conclusion. 606 $aSexual minorities$xLegal status, laws, etc$zUnited States 615 0$aSexual minorities$xLegal status, laws, etc. 676 $a342.7308/7 700 $aMezey$b Susan Gluck$f1944-$01507290 801 0$bMiAaPQ 801 1$bMiAaPQ 801 2$bMiAaPQ 906 $aBOOK 912 $a9910792751403321 996 $aBeyond marriage$93812430 997 $aUNINA